<?xml version="1.0" encoding="UTF-8"?>
<record
    xmlns:xsi="http://www.w3.org/2001/XMLSchema-instance"
    xsi:schemaLocation="http://www.loc.gov/MARC21/slim http://www.loc.gov/standards/marcxml/schema/MARC21slim.xsd"
    xmlns="http://www.loc.gov/MARC21/slim">

  <leader>01539    a2200205   4500</leader>
  <controlfield tag="001">54371</controlfield>
  <controlfield tag="005">20260407155816.0</controlfield>
  <controlfield tag="008">260407a1973    arg                 spa d</controlfield>
  <controlfield tag="003">AR-UNSa-BCEJYS</controlfield>
  <datafield tag="040" ind1=" " ind2=" ">
    <subfield code="a">AR-UNSa-BCEJYS</subfield>
    <subfield code="b">spa</subfield>
    <subfield code="c">AR-UNSa-BCEJYS</subfield>
  </datafield>
  <datafield tag="080" ind1=" " ind2=" ">
    <subfield code="a">342.25</subfield>
    <subfield code="x">Centralizaci&#xF3;n y descentralizaci&#xF3;n. Autonom&#xED;a regional. Transferencia de poderes. Autonom&#xED;a local (Home rule). &#xD3;rganos locales del gobierno central</subfield>
  </datafield>
  <datafield tag="245" ind1="1" ind2="0">
    <subfield code="a">La descentralizaci&#xF3;n &#xF3;ptima</subfield>
  </datafield>
  <datafield tag="020" ind1=" " ind2=" ">
    <subfield code="a">978-84-500-5772-0</subfield>
  </datafield>
  <datafield tag="264" ind1=" " ind2="1">
    <subfield code="a">Madrid :</subfield>
    <subfield code="b">Instituto de Desarrollo Econ&#xF3;mico</subfield>
    <subfield code="c">1973</subfield>
  </datafield>
  <datafield tag="300" ind1=" " ind2=" ">
    <subfield code="a">402 p.</subfield>
    <subfield code="c">19 cm.</subfield>
  </datafield>
  <datafield tag="505" ind1=" " ind2=" ">
    <subfield code="a">I. Introducci&#xF3;n general - Primera parte: Nuevos instrumentos para un nuevo enfoque - II. Los juegos de estrategia - III. El grupo antes la decisi&#xF3;n - IV. Los esquemas de arbitraje equitativo - Segunda parte: Federalismo fiscal y la crisis de las haciendas menores - V. El sentido profundo de una crisis - VI. El complejo mundo te&#xF3;rico del federalismo fiscal - Tercera parte: Modelos de localizaci&#xF3;n espacial y problemas conexos - VII. Elaboraci&#xF3;n en torno al universo tieboutiano de las haciendas menores - Cuarta parte: Descentralizaci&#xF3;n y econom&#xED;as externas: El modelo de la descentralizaci&#xF3;n cooperativa - VIII. Efectos externos inducidos intercomunitarios y la optimalidad paretiana - IX. Cooperaci&#xF3;n &#xF3;ptima y el comportamiento intercomunitario - Quinta parte: Conclusiones de s&#xED;ntesis - X. Algunos mensajes</subfield>
  </datafield>
  <datafield tag="942" ind1=" " ind2=" ">
    <subfield code="c">BK</subfield>
  </datafield>
  <datafield tag="590" ind1=" " ind2=" ">
    <subfield code="a">niveau_biblio:m niveau_hierar:0</subfield>
  </datafield>
  <datafield tag="100" ind1="1" ind2=" ">
    <subfield code="a">Dominguez del Brio, Francisco</subfield>
  </datafield>
  <datafield tag="999" ind1=" " ind2=" ">
    <subfield code="c">5531</subfield>
    <subfield code="d">5531</subfield>
  </datafield>
  <datafield tag="952" ind1=" " ind2=" ">
    <subfield code="0">0</subfield>
    <subfield code="1">0</subfield>
    <subfield code="4">0</subfield>
    <subfield code="7">0</subfield>
    <subfield code="a">BCEJYS</subfield>
    <subfield code="b">BCEJYS</subfield>
    <subfield code="c">16</subfield>
    <subfield code="d">2026-04-07</subfield>
    <subfield code="l">0</subfield>
    <subfield code="o">342.25 D671</subfield>
    <subfield code="p">L33399</subfield>
    <subfield code="r">2026-04-07 15:58:16</subfield>
    <subfield code="w">2026-04-07</subfield>
    <subfield code="y">L</subfield>
  </datafield>
  <datafield tag="952" ind1=" " ind2=" ">
    <subfield code="0">0</subfield>
    <subfield code="1">0</subfield>
    <subfield code="4">0</subfield>
    <subfield code="7">0</subfield>
    <subfield code="a">BCEJYS</subfield>
    <subfield code="b">BCEJYS</subfield>
    <subfield code="c">16</subfield>
    <subfield code="d">2026-04-07</subfield>
    <subfield code="l">0</subfield>
    <subfield code="o">342.25 D671</subfield>
    <subfield code="p">L58109</subfield>
    <subfield code="r">2026-04-07 15:58:16</subfield>
    <subfield code="w">2026-04-07</subfield>
    <subfield code="y">L</subfield>
  </datafield>
</record>
